MDQL
is popping MORE tags! Check the
thread
!
Quizzes
Events
Quiz Creation
Community
Videos
Private Events
Remove Ads
Sign In
Join for FREE
Feedback
Dark Mode
Quiz Categories
Sports
Geography
Music
Movies
Television
Just For Fun
Miscellaneous
History
Literature
Language
Science
Gaming
Entertainment
Religion
Holiday
For Kids
Quiz Lab
Recent
Popular Today
Quiz Kudos Today
Editor Picks
Curator Picks
Quizzes by...
Day
Popularity
Type
Ratings
Length
Year
Community
Subscriptions
Recent Discussions
Orange Saloon
Badges
Playlists
Quests
Create
Leaderboards
Showdown
Live 5
Trivia Bingo
Activity
Puzzle Library
Sporcle Events
Private Events
Virtual Trivia
Globe League
Become a Host
Pub Owners
SporcleCon
Opinionation
Our Games
Videos
Blog
Mobile Apps
Partnerships
Remove Ads and Go Orange
Feedback
Television
TV Characters
TV Show
Sitcom
Network
Friends
Reality Shows
Cast
South Park
Star Trek
The Simpsons
Doctor Who
Television
TV Characters
TV Show
Sitcom
Network
Friends
Reality Shows
Cast
South Park
Star Trek
The Simpsons
Doctor Who
Random Quiz
Search Sporcle
×
Quiz Lab
Quiz Lab
Television
Book
Type in answers that appear in a list
Type in answers that appear in a list
Classic
Best Score? Go Orange.
Avatar the last airbender characters Stats
Can you name the everyone; avatar the last airbender?
By
slaughrun
20m
89 Questions
908 Plays
908 Plays
908 Plays
Comments
Comments
Give Quiz Kudos
Give Quiz Kudos
-
- Ratings
hide this ad
Replay
Link that replays current quiz
Next Quiz
Link to next quiz in quiz playlist
You Got
0%
They Got
Avg Score
38%
Avg Friend Score
Upgrade to see
Score Distribution
Jump to the score distribution portion of the page
Score
0/89
Timer
20:00
0
Plays Today
book/books
Character/Group of Charaters
% Correct
Water, Earth, Fire
Aang
99.2%
Water, Earth, Fire
Katara
97.9%
Water, Earth, Fire
Sokka
96.7%
Water, Earth, Fire
Zuko
95.9%
Water, Earth, Fire
The Dragon of the West
91.7%
Earth, Fire
Toph
89.9%
Earth, Fire
Azula
89.1%
Earth, Fire
Firelord Ozai
85.9%
Water, Earth, Fire
Momo
83%
Water, Earth, Fire
Appa
82.8%
Earth, Fire
Mai
81.3%
Earth, Fire
Ty Lee
81.3%
Water, Earth, Fire
King Bumi
77.4%
Water, Earth, Fire
Suki
77.1%
Water, Earth, Fire
Avatar Roku
75.9%
Water, Earth
Jet
72.1%
Water
Yue
71.4%
Water
Admiral Zhao
69.5%
Water, Earth, Fire
Avatar Kyoshi
68.5%
Water, Fire
Pakku
67.7%
Earth, Fire
Hakoda
67.3%
Fire
Lo
61.5%
Water, Fire
Haru
59.1%
Water, Earth
Smellerbee
58.9%
Water, Fire
The Duke
57.7%
Water, Earth
Longshot
55.5%
Water, Fire
Jeong Jeong
55.5%
Water
Gran Gran
55.2%
Water, Fire
Pipsqueak
55%
Fire
Avatar Yangchen
51.2%
book/books
Character/Group of Charaters
% Correct
Earth, Fire
Firelord Sozin
51%
Fire
Avatar Kuruk
50.5%
Water
Bato
50.2%
Fire
Master Piandao
49.6%
Earth, Fire
The Boulder
49.3%
Earth
Long Feng
48.1%
Earth
Firelord Azulon
46%
Fire
The Puppet Master
45.8%
Water
Monk Gyatso
44.8%
Earth, Fire
Ursa
44.3%
Water
Koh the Face Stealer
40.4%
Water, Fire
June
39.1%
Earth
The Earth King
38.9%
Fire
Lee
38.8%
Water
Hei Bai
36.2%
Water, Earth, Fire
Cabbage Salesman
35.8%
Earth, Fire
The Hippo
32.2%
Water, Fire
Teo
31.8%
Earth
Bosco
31.5%
Water, Fire
The Mechanist
31.1%
Water
Chief Arnook
29.9%
Earth
Xin Fu
28.2%
Water
Aunt Wu
26.7%
Fire
The Painted Lady
20.4%
Earth, Fire
Dai Li
20.2%
Water
Meng
20.1%
Earth
Guru Patik
20.1%
Earth
Lu Ten
18.6%
Water
Sneers
15.2%
Water, Earth
The Blue Spirit
13.2%
book/books
Character/Group of Charaters
% Correct
Earth
Ju Dee
13.2%
Earth
Hope
12.3%
Earth
General Fong
12.1%
Fire
Doc Shoo
11.8%
Water
Pirates
11.7%
Water, Earth, Fire
Kyoshi Warriors
10.1%
Earth
Sand Benders
7.9%
Earth, Fire
Swamp Benders
6.6%
Fire
The Sun Warriors
6.5%
Earth
Hippies
6.3%
Fire
The Ember Island Players
5.6%
Water
Miyuki
5.5%
Fire
Ran and Shao
5.1%
Water
Yin and Yang
4.7%
Earth
Rough Rhinos
4.7%
Fire
The southern Raiders
4.6%
Water
Canyon Guide
4.4%
Water
Monk Pasang
4.2%
Water
Monk Tashi
4.1%
Water
Gan Jin
3.9%
Water, Earth, Fire
Roku's Dragon
3.1%
Water
Fisherman
2.2%
Earth
Knowledge Spirit
2%
Water
Fisherman's Wife
1.9%
Earth
Professor Xang
1.2%
Earth
Earth Kingdom Fighters
1%
Earth
Sen-Su's Family
1%
Water
Xiang
0.9%
Fire
Ginseng
0.8%
Quiz Playlist
Details
Report
Send in Message
Add To Playlist
Classic:
Type in answers that appear in a list
Last Updated: Feb 16, 2017
Quiz Scoreboard
CHALLENGE
Sign Up to Join the Scoreboard
Show All
Scores
Hide
Comments
May contain spoilers
Recently Published
Colored Red Africa Blitz
by spor1
Geography
30s
Find the 'City' Movie
by crazypaving
Movies
60s
5x2 Blitz: Bands
by SL_Kpop136
Music
30s
More to Explore
Quiz From the Vault
Featured Blog Post
14 Easter Pick-up Lines to Find Eggs With
hide this ad
You Might Also Like...
Tags
Book Quiz
Avatar
Avatar: The Last Airbender
Character
Everyone
group
last
Today's Top Quizzes in Television
Browse Television
hide this ad
Today's Top Quizzes in Book
Browse Book
Top Contributed Quizzes in Television
1
Survivor Journey Challenge
2
Brooklyn Nine Nine Logic Puzzle (How-To-Play)
3
Phoebe Buffay Quotes
4
One Tree Hill Logic Puzzle
5
Survivor Logic Puzzle: Heroes vs. Villains
6
Survivor Trivia
7
Game of Thrones: Tywin Lannister Start to Finish
8
All US Survivor Seasons in Order
9
Emmerdale Characters (from August 2012)
10
Survivor Trivia #6: Criteria Quiz!
Explore More
Trending Topics
Anime
Crossword
Disney
Kpop
Harry Potter
NBA
Marvel
Song
WWE
Soccer
Country
Puzzle
The Office
Pokémon
NFL
hide this ad
More By:
slaughrun
Quiz
Plays
Rating
Category
Featured
Created
avatar the last airbender characters
908
3.50
Television
Jul 11, 2010
john ratzenberger characters
69
3.50
Movies
Jun 24, 2010
zoobooks
13
3.00
Miscellaneous
Jul 3, 2010
Go to Creator's Profile
Score Distribution
Quiz Creator Spotlight
slaughrun
Follow
Send a Message
Quizzes Created
-
Created Quiz Play Count
-
More By This Creator
Popular Quizzes Today
1
Find the 'City' Movie
2
Colored Red Africa Blitz
3
5x2 Blitz: Bands
4
Find the US States - No Outlines Minefield
5
The Countries of the World
6
Find the US States
7
9x9 Crossword: Cartoon Network
8
US States
More Television Quizzes
Breaking Bad Characters - Season 1
Quiz Lab
Trending Quizzes
Colored Red Europe Blitz I
Colored Red Africa Blitz II
Colored Red Africa Blitz III
Colored Red Europe Blitz III
Colored Red Europe Blitz II
Recently Updated
Champions League XIs: Real Madrid
pecheneg
Largest US Cities 1790-2010
pecheneg
Rides in Walt Disney World
pecheneg
Most Oscar Losses (Acting)
pecheneg
Beyoncé Albums
pecheneg
Leaping Animals
pecheneg
Reality TV Shows (A-Z)
bhenderson79
Rickey Henderson's Hall of Fame Teammates
pecheneg
Champions League XIs: Arsenal
pecheneg
Quick Pick: Celebrities in WWE's Hall of Fame
aduchscher
Trending Topics
Anime
Disney
Crossword
NBA
Harry Potter
Kpop
Marvel
NFL
Song
Country
The Office
Soccer
Pokémon
Puzzle
WWE
Your Account Isn't Verified!
In order to create a playlist on Sporcle, you need to verify the email address you used during registration. Go to your
Sporcle Settings
to finish the process.
Report this User
Report this user for behavior that violates our
Community Guidelines
.
Details:
Send Report
Go to the Sporcle.com Mobile Site →
Comments